The Finnish parliament / (Record no. 2269)

MARC details
000 -LEADER
fixed length control field 00925cam a22003014a 4500
001 - CONTROL NUMBER
control field 12986301
003 - CONTROL NUMBER IDENTIFIER
control field OSt
005 - DATE AND TIME OF LATEST TRANSACTION
control field 20230621153208.0
008 - FIXED-LENGTH DATA ELEMENTS--GENERAL INFORMATION
fixed length control field 021030s2000 fi a 000 0 eng
010 ## - LIBRARY OF CONGRESS CONTROL NUMBER
LC control number 2002507303
020 ## - INTERNATIONAL STANDARD BOOK NUMBER
International Standard Book Number 9513732282
040 ## - CATALOGING SOURCE
Original cataloging agency DLC
Transcribing agency DLC
041 1# - LANGUAGE CODE
Language code of text/sound track or separate title eng
Language code of original fin
042 ## - AUTHENTICATION CODE
Authentication code pcc
043 ## - GEOGRAPHIC AREA CODE
Geographic area code e-fi---
082 ## - DEWEY DECIMAL CLASSIFICATION NUMBER
Classification number 328.47
Item number FIN
110 1# - MAIN ENTRY--CORPORATE NAME
Corporate name or jurisdiction name as entry element Finland.
Subordinate unit Eduskunta.
240 10 - UNIFORM TITLE
Uniform title Suomen eduskunta.
Language of a work English
245 14 - TITLE STATEMENT
Title The Finnish parliament /
Statement of responsibility, etc. [edited by the Parliamentary Office in cooperation with Edita ; English translation, David Morris].
250 ## - EDITION STATEMENT
Edition statement 2nd rev. ed.
260 ## - PUBLICATION, DISTRIBUTION, ETC. (IMPRINT)
Place of publication, distribution, etc. Helsinki :
Name of publisher, distributor, etc. Finnish Parliament : Edita,
Date of publication, distribution, etc. 2000.
300 ## - PHYSICAL DESCRIPTION
Extent 86 p. :
Other physical details ill. (chiefly col.) ;
Dimensions 25 cm.
610 10 - SUBJECT ADDED ENTRY--CORPORATE NAME
Corporate name or jurisdiction name as entry element Finland.
Subordinate unit Eduskunta.
700 1# - ADDED ENTRY--PERSONAL NAME
Personal name Morris, David.
906 ## - LOCAL DATA ELEMENT F, LDF (RLIN)
a 7
b cbc
c orignew
d 3
e ncip
f 20
g y-gencatlg
942 ## - ADDED ENTRY ELEMENTS (KOHA)
Source of classification or shelving scheme Dewey Decimal Classification
Koha item type Books
Holdings
Withdrawn status Lost status Source of classification or shelving scheme Damaged status Not for loan Home library Current library Date acquired Total Checkouts Full call number Barcode Date last seen Price effective from Koha item type
    Dewey Decimal Classification     County Hall Archives County Hall Archives 06/21/2023   328.47 FIN 10014000 06/21/2023 06/21/2023 Books
LIBRARY OPENING HOURS

When the Parliament is sitting: 8.00a.m - 7.00p.m or until the house adjourns
Mondays and Fridays and when the House is on Recess:  8.00a.m - 5.00p.m
Closed on Weekends and Public Holidays

Online Public Access Catalog (OPAC)
Website: http://www.parliament.go.ke
Bunge Library: https://libraryir.parliament.go.ke
Contact: library@parliament.go.ke | Tel no: (254-2)2221291 or 2848000 Ext 5043